000 01563pam a2200349 a 4500
001 8154
003 FISKH
005 20250829091650.0
008 871008r19871911nyu 000 1 eng
010 _a 87045635
020 _a0060809248 (pbk.) :
020 _a9780060809249
040 _aDLC
_cDLC
_dDLC
_beng
050 0 0 _aPQ2623.E6
_bF213 1987
082 0 0 _a843/.912
_219
100 1 _aLeroux, Gaston,
_d1868-1927.
245 1 4 _aThe phantom of the Opera /
_cGaston Leroux.
260 _aNew York :
_bHarper Perennial Library,
_c1987.
300 _a322 pages :
_b20 cm
500 _aTranslation of: Le fantóme de l'Opéra.
500 _aReprint. Originally published: New York : Grosset & Dunlap, 1911.
520 _aClassic Literature. Fiction. HTML:Christine is brought up by her itinerant musician father, whose death she mourns endlessly. She achieves a singing position in the Paris Opera line, where a mysterious voice teaches her to unleash her musical potential. The voice belongs to Erik, a deformed musical genius who lives in the opera house. As Christine's singing career takes off, her childhood friend Raoul begins to court her, and he and Erik fight jealously for Christine's hand.
650 0 _aPhantom of the Opera (Fictitious character)
_xFiction.
650 0 _aComposers
_xFiction.
650 0 _aOpera
_xFiction.
651 0 _aParis (France)
_xFiction.
655 7 _aMusical fiction.
_2lcsh
655 7 _aHorror tales.
_2gsafd
906 _a7
_bcbc
_corignew
_d1
_eocip
_f19
_gy-gencatlg
942 _2ddc
_cBK
_n0
999 _c8154
_d8154